Notas sobre la estructura social del campo Centro Americano /
Uloženo v:
| Hlavní autor: | |
|---|---|
| Médium: | Text |
| Témata: | |
| Tagy: |
Přidat tag
Žádné tagy, Buďte první, kdo vytvoří štítek k tomuto záznamu!
|
MARC
| LEADER | 00000 a a2200000 04500 | ||
|---|---|---|---|
| 001 | 16772 | ||
| 003 | |||
| 040 | |||
| 100 | |a Torres Rivas, Edelberto | ||
| 245 | |a Notas sobre la estructura social del campo Centro Americano / |c Edelberto Torres Rivas | ||
| 650 | |a TENENCIA DE LA TIERRA | ||
| 650 | |a SECTOR AGRICOLA | ||
| 650 | |a POBLACION RURAL | ||
| 650 | |a ECONOMIA RURAL | ||
| 650 | |a ECONOMIA | ||
| 650 | |a AMERICA LATINA | ||
| 773 | |g volumen 9, número 23; páginas 36-58 | ||
| 999 | |c 29736 |d 29736 | ||
